000 00506nam a2200217Ia 4500
008 210210b1967 xxu||||| |||| 00| 0 eng d
041 _aeng
082 _a425/313
100 _aVARMA (K) Ed
245 _aPocket book of quotations for all occasions
260 _aNew Delhi
_bKiran Publication,
_c1967
650 _aquotations
650 _aPocket
650 _aof
650 _aoccasions
650 _afor
650 _abook
650 _aall
690 _aEnglish Language
906 _a006089
999 _c129123
_d129123